| 000 | 00993nam a2200313 i 4500 | ||
|---|---|---|---|
| 001 | 185977 | ||
| 003 | SpMaBN | ||
| 005 | 20260525062936.0 | ||
| 008 | 160831s1984 sp |||| | spa d | ||
| 020 | _a84-239-1620-0 | ||
| 080 | _a111.852 | ||
| 080 | _a161.2 | ||
| 080 | _a27-1 | ||
| 100 | 1 |
_aKant, Immanuel, _d1724-1804 _9222608 |
|
| 245 | 1 | 0 |
_aCrítica del juicio / _cManuel Kant ; [traducción del alemán por Manuel García Morente]. |
| 250 | _a3ª ed. | ||
| 260 |
_aMadrid : _bEspasa-Calpe, _c1984. |
||
| 300 |
_a406 p. ; _c18 cm. |
||
| 490 | 1 |
_aColección austral ; _v1620 |
|
| 594 | _aPr. del traductor: La estética de Kant. | ||
| 650 | 7 |
_aJuicio (Lógica) _914026 |
|
| 650 | 0 | 7 |
_aTeología _2embne _917457 |
| 650 | 7 |
_aEstética _2embne _9142387 |
|
| 700 | 1 |
_aGarcía Morente, Manuel, _d1886-1942 _955002 |
|
| 740 | 3 | 2 | _aLa estética de Kant. |
| 830 | 0 |
_aColección austral _v1620 _9177655 |
|
| 852 |
_aES-MaACL _jL-30589 _z. - Donat. Miguel A. Velasco |
||
| 999 |
_c185977 _d185977 |
||